Primeros pasos de la psicología en México : los rumbos de Ezequiel Adeodato Chávez Lavista /

שמור ב:
מידע ביבליוגרפי
מחבר ראשי: Rodríguez Preciado, Salvador Iván (autor)
פורמט: ספר
שפה:ספרדית
נושאים:
תגים: הוספת תג
אין תגיות, היה/י הראשונ/ה לתייג את הרשומה!

MARC

LEADER 00000nam^a2200000^a^4500
001 000182944
005 20250521000000.0
009 20260310102024.352
037 |a Acervo ITESO - Biblioteca 
041 |a ESP 
082 |a 150. 97206  |b ROD 
100 |a Rodríguez Preciado, Salvador Iván  |e (autor) 
245 1 0 |a Primeros pasos de la psicología en México :  |b los rumbos de Ezequiel Adeodato Chávez Lavista /  |c S.I. Rodríguez Preciado. 
264 |a Zamora, México :  |b edición de autor,  |c 2001 
300 |a 119 p. 
336 |a texto  |b txt  |2 rdacontenido 
337 |a sin mediación  |b n  |2 rdamedio 
338 |a volumen  |b nc  |2 rdasoporte 
593 |a Tesis de Maestría en Ciencias Humanas, especialidad Estudios de las Tradiciones, El Colegio de Michoacán 
649 |a XX 
650 |a Psicólogos Mexicanos 
650 |a Psicología -  |z México -  |x Historia -  |y 1910-1946 
650 |a Psicología -  |z México -  |x Historia -  |y Siglo XX 
650 |a Chávez, Ezequiel A. 
910 |a Fondo General 
920 |a Impresos - Tesis Externas 
930 |a Colección General 
905 |a 101 
901 |a 0500122954  |b IT1  |c ACC  |u 20250521 
902 |a https://opac.biblio.iteso.mx/vufind/Record/000182944